[Event "Irish Championship 2018"]
[Site "Dublin IRL"]
[Date "2018.08.09"]
[Round "6.12"]
[White "Freeman, Gordon"]
[Black "Kennedy, John P. A."]
[Result "1-0"]
[WhiteElo "2205"]
[BlackElo "2077"]
[WhiteICU "2159"]
[BlackICU "1999"]
[WhiteClub "Gonzaga"]
[BlackClub "Dublin"]
[WhiteNationality "IRL"]
[BlackNationality "IRL"]
[WhiteFideId "2501309"]
[BlackFideId "2501120"]
[PlyCount "105"]
[EventDate "2018.08.04"]
[Source "TWIC 1240"]

{ Event information: <a
href="https://www.irlchess.com/irlch2018_allfiles/pairings_irlch2018.html">Tournament
report</a>. }

1. d4 d5 2. Nf3 e6 3. c4 c5 4. cxd5 exd5 5. g3 Nf6 6. Bg2 Nc6 7. O-O Be7 8.
b3 O-O 9. Bb2 cxd4 10. Nxd4 Bg4 11. Nc3 Qd7 12. Rc1 Rfe8 13. Re1 Bb4 14.
Nxc6 bxc6 15. a3 Ba5 16. b4 Bc7 17. Na4 Be5 18. Qc2 Rac8 19. Nc5 Qd6 20.
Nb3 Bxb2 21. Qxb2 Re5 22. e3 Rh5 23. Qd4 Qd7 24. h4 Qf5 25. Qf4 Qg6 26. Nd4
Bd7 27. Qd6 h6 28. Nxc6 Rxc6 29. Rxc6 Bxc6 30. Qxc6 Qd3 31. Qa8+ Kh7 32.
Qxa7 Rf5 33. Qd4 Qxa3 34. g4 Nxg4 35. Qxg4 g6 36. Qd4 Qa2 37. e4 Rf4 38. h5
gxh5 39. Qe3 Rg4 40. Qe2 Qb3 41. exd5 Qxb4 42. Qd3+ Rg6 43. Kf1 Kg7 44. Re4
Qd6 45. Qd4+ Kh7 46. Re8 Rf6 47. Qd3+ Kg7 48. Kg1 Qc5 49. Qg3+ Rg6 50. Qe5+
Rf6 51. Rg8+ Kxg8 52. Qxf6 Qc1+ 53. Kh2 1-0

[Event "Irish Championship 2018"]
[Site "Dublin IRL"]
[Date "2018.08.09"]
[Round "6.13"]
[White "Melaugh, Shane"]
[Black "Butler, Kevin C."]
[Result "1-0"]
[WhiteElo "2086"]
[BlackElo "2064"]
[WhiteICU "2111"]
[BlackICU "2000"]
[WhiteClub "Elm Mount"]
[BlackClub "Phibsboro"]
[WhiteNationality "IRL"]
[BlackNationality "IRL"]
[WhiteFideId "2509580"]
[BlackFideId "2501538"]
[PlyCount "59"]
[EventDate "2018.08.04"]
[Source "TWIC 1240"]

{ Event information: <a
href="https://www.irlchess.com/irlch2018_allfiles/pairings_irlch2018.html">Tournament
report</a>. }

1. c4 Nf6 2. Nc3 g6 3. d4 Bg7 4. e4 d6 5. Be2 O-O 6. Be3 e5 7. d5 Na6 8. g4
Nc5 9. Bf3 a5 10. g5 Ne8 11. h4 f5 12. gxf6 Qxf6 13. Qd2 Qf7 14. h5 Nf6 15.
hxg6 Qxg6 16. Qc2 Ng4 17. Bxg4 Bxg4 18. Nge2 Bf3 19. Rh4 Qf6 20. Rh3 Qg6
21. Ng3 Bg4 22. Rh1 Rf3 23. Nce2 Raf8 24. O-O-O Rxg3 25. Nxg3 Bxd1 26. Kxd1
Qg4+ 27. Qe2 Qxe2+ 28. Kxe2 Nd7 29. Nf5 Kh8 30. Nxg7 1-0

[Event "Irish Championship 2018"]
[Site "Dublin IRL"]
[Date "2018.08.09"]
[Round "6.14"]
[White "Melaugh, Gavin"]
[Black "Wallace, Paul"]
[Result "1/2-1/2"]
[WhiteElo "2029"]
[BlackElo "2202"]
[WhiteICU "1999"]
[BlackICU "2182"]
[WhiteClub "Elm Mount"]
[BlackClub "Kilkenny"]
[WhiteNationality "IRL"]
[BlackNationality "IRL"]
[WhiteFideId "2509571"]
[BlackFideId "2500892"]
[PlyCount "85"]
[EventDate "2018.08.04"]
[Source "TWIC 1240"]

{ Event information: <a
href="https://www.irlchess.com/irlch2018_allfiles/pairings_irlch2018.html">Tournament
report</a>. }

1. e4 e5 2. Bc4 Nf6 3. d4 Nc6 4. d5 Nb8 5. Nc3 Bb4 6. f3 d6 7. Be3 a5 8.
Ne2 Na6 9. O-O O-O 10. Na4 Bd7 11. Bxa6 Rxa6 12. c3 Bxa4 13. Qxa4 Bc5 14.
Bxc5 dxc5 15. Qb5 Qd6 16. Nc1 Nd7 17. Nd3 Rfa8 18. Rae1 c6 19. dxc6 bxc6
20. Qc4 Nb6 21. Qxc5 Qxd3 22. Qxc6 Nc4 23. Qb7 Nd6 24. Qd5 Qxd5 25. exd5 f6
26. b3 Rc8 27. c4 a4 28. Rc1 axb3 29. axb3 Ra3 30. c5 Nb5 31. b4 Nc3 32. d6
Ne2+ 33. Kf2 Nxc1 34. Rxc1 Rd3 35. Ra1 Rb8 36. Ra7 Kf8 37. d7 Rxb4 38. c6
Rb2+ 39. Kg3 Rc2 40. c7 Rxc7 41. Rxc7 g6 42. d8=Q+ Rxd8 43. Rxh7 1/2-1/2

[Event "Irish Championship 2018"]
[Site "Dublin IRL"]
[Date "2018.08.09"]
[Round "6.15"]
[White "O'Connell, Gerard"]
[Black "Nemeth, Zalan"]
[Result "1-0"]
[WhiteElo "2148"]
[BlackElo "1876"]
[WhiteICU "2099"]
[BlackICU "1818"]
[WhiteClub "St. Benildus"]
[BlackClub "Galway"]
[WhiteNationality "IRL"]
[BlackNationality "IRL"]
[WhiteFideId "2500493"]
[BlackFideId "2512041"]
[PlyCount "100"]
[EventDate "2018.08.04"]
[Source "TWIC 1240"]

{ Event information: <a
href="https://www.irlchess.com/irlch2018_allfiles/pairings_irlch2018.html">Tournament
report</a>. }

1. d4 Nf6 2. c4 g6 3. Nc3 Bg7 4. e4 d6 5. Nf3 O-O 6. Be2 e5 7. O-O Nc6 8.
d5 Ne7 9. b4 a5 10. Ba3 axb4 11. Bxb4 b6 12. a4 Re8 13. a5 c5 14. dxc6 Nxc6
15. Bxd6 Nxa5 16. Bxe5 Qxd1 17. Raxd1 Nxe4 18. Nxe4 Bxe5 19. Nxe5 Rxe5 20.
Bf3 Bb7 21. Nf6+ Kg7 22. Bxb7 Nxb7 23. Nd5 Ra6 24. Rb1 Na5 25. Rxb6 Rxb6
26. Nxb6 Rc5 27. Rb1 Rc6 28. Rb4 Kf6 29. Kf1 Ke5 30. Rb5+ Kd4 31. Rd5+ Kc3
32. Rxa5 Rxb6 33. Ra7 Kxc4 34. Rxf7 Kd3 35. g4 h5 36. Rh7 Ke4 37. Kg2 Kf4 {
Is the score correct? The game takes some very strange turns from now on. }
38. h3 g5 $2 (38... hxg4 39. Rh4 Kg5 $10) 39. Rf7+ $18 Ke5 40. Kg3 $2 (40.
Rf5+ { is much simpler. }) 40... Rb3+ 41. f3 $4 (41. Rf3 $18) 41... Kd5 $4
(41... h4+ $10) 42. h4 $4 (42. gxh5 $18) (42. Rf5+ $18) 42... Ke6 43. Rf5
gxh4+ 44. Kxh4 Ke7 $4 (44... hxg4 $10) 45. Kxh5 Rb6 46. f4 Ra6 47. Re5+ Kf7
48. f5 Ra1 49. Kh6 Rh1+ 50. Kg5 Ra1 1-0

[Event "Irish Championship 2018"]
[Site "Dublin IRL"]
[Date "2018.08.09"]
[Round "6.16"]
[White "O'Neill, Paul"]
[Black "O'Gorman, Alice"]
[Result "1-0"]
[WhiteElo "1985"]
[BlackElo "1896"]
[WhiteICU "1991"]
[BlackICU "1779"]
[WhiteClub "Elm Mount"]
[BlackClub "Dun Laoghaire"]
[WhiteNationality "IRL"]
[BlackNationality "IRL"]
[WhiteFideId "2507692"]
[BlackFideId "2508214"]
[PlyCount "83"]
[EventDate "2018.08.04"]
[Source "TWIC 1240"]

{ Event information: <a
href="https://www.irlchess.com/irlch2018_allfiles/pairings_irlch2018.html">Tournament
report</a>. }

1. d4 d5 2. c4 e6 3. Nc3 Nf6 4. cxd5 exd5 5. Bf4 c6 6. Qc2 Bd6 7. Bxd6 Qxd6
8. Nf3 O-O 9. e3 Re8 10. Bd3 Nbd7 11. O-O Nf8 12. Ne5 Ng6 13. f4 Qe7 14.
Rae1 a6 15. Na4 Nd7 16. a3 Ngf8 17. b4 f6 18. Nf3 b5 19. Qxc6 bxa4 20. Qxa8
Qd6 21. Rc1 Nb8 22. Qa7 Bd7 23. Rfe1 f5 24. Qc5 Qe6 25. Ng5 Qc6 26. Qxc6
Nxc6 27. Bxa6 h6 28. Nf3 Na7 29. Rc7 Nc8 30. Ne5 Be6 31. Bb5 Rd8 32. Bxa4
Nd6 33. Bc6 Rb8 34. Rb1 Ne4 35. a4 Nh7 36. a5 Nc3 37. Rb3 Nb5 38. Bxb5 Rxb5
39. a6 Rb8 40. b5 Bc8 41. a7 Ra8 42. b6 1-0

[Event "Irish Championship 2018"]
[Site "Dublin IRL"]
[Date "2018.08.09"]
[Round "6.17"]
[White "Nolan, Conor"]
[Black "Scott, Luke"]
[Result "1/2-1/2"]
[WhiteElo "1935"]
[BlackElo "1873"]
[WhiteICU "1914"]
[BlackICU "1795"]
[WhiteClub "Gonzaga"]
[BlackClub "T.C.D."]
[WhiteNationality "IRL"]
[BlackNationality "IRL"]
[WhiteFideId "2509466"]
[BlackFideId "2507986"]
[PlyCount "84"]
[EventDate "2018.08.04"]
[Source "TWIC 1240"]

{ Event information: <a
href="https://www.irlchess.com/irlch2018_allfiles/pairings_irlch2018.html">Tournament
report</a>. }

1. d4 Nf6 2. Nf3 e6 3. Bg5 d5 4. Nbd2 Nbd7 5. e3 Be7 6. Bd3 O-O 7. O-O h6
8. Bf4 Nh5 9. Be5 c5 10. c3 f5 11. dxc5 Nxc5 12. Nb3 Nxd3 13. Qxd3 Bd7 14.
Nbd4 Nf6 15. c4 Rc8 16. Rac1 dxc4 17. Rxc4 Qb6 18. Qb3 Qxb3 19. axb3 Nd5
20. Rfc1 a6 21. Kf1 Rxc4 22. bxc4 Rc8 23. Ke2 Kf7 24. Ne1 Nb6 25. b3 Bc6
26. f3 Nd7 27. Nd3 Nc5 28. Nxc5 Bxc5 29. Bxg7 Rg8 30. Nxc6 Rxg7 31. Ne5+
Kf6 32. f4 Rxg2+ 33. Kf3 Ba3 34. Rd1 Rg7 35. Rd7 Rxd7 36. Nxd7+ Ke7 37. Ne5
a5 38. Nd3 b6 39. e4 Bd6 40. exf5 exf5 41. Ke3 Bc5+ 42. Kf3 Bd6 1/2-1/2

[Event "Irish Championship 2018"]
[Site "Dublin IRL"]
[Date "2018.08.09"]
[Round "6.18"]
[White "Nolan, Dermot"]
[Black "Tirziman, Rudolf"]
[Result "1/2-1/2"]
[WhiteElo "1841"]
[BlackElo "1943"]
[WhiteICU "1759"]
[BlackICU "1902"]
[WhiteClub "Gonzaga"]
[BlackClub "Blanchardstown"]
[WhiteNationality "IRL"]
[BlackNationality "IRL"]
[WhiteFideId "2510260"]
[BlackFideId "2508664"]
[PlyCount "71"]
[EventDate "2018.08.04"]
[Source "TWIC 1240"]

{ Event information: <a
href="https://www.irlchess.com/irlch2018_allfiles/pairings_irlch2018.html">Tournament
report</a>. }

1. e4 e6 2. d4 d5 3. Nc3 Bb4 4. e5 c5 5. a3 Bxc3+ 6. bxc3 Ne7 7. Qg4 O-O 8.
Bd3 c4 9. Be2 Bd7 10. a4 Qa5 11. Bd2 Bxa4 12. Nf3 Nbc6 13. h4 b5 14. h5 Nf5
15. h6 g6 16. Qf4 f6 17. g4 fxe5 18. Qg5 exd4 19. cxd4 c3 20. Bf4 Nfxd4 21.
Nxd4 Nxd4 22. Qe5 Nxc2+ 23. Kf1 Rf7 24. Bd3 Qb4 25. Bxg6 Qxf4 26. Bxf7+
Qxf7 27. Rxa4 Ne3+ 28. Qxe3 bxa4 29. Rh5 Qf6 30. Rg5+ Kh8 31. Re5 c2 $4 (
31... d4 $19) 32. Rxe6 $10 Qa1+ 33. Kg2 Rg8 34. Re8 Qf6 35. Rxg8+ Kxg8 36.
Qe8+ 1/2-1/2

[Event "Irish Championship 2018"]
[Site "Dublin IRL"]
[Date "2018.08.10"]
[Round "7.1"]
[White "Lopez, Alex"]
[Black "Baburin, Alexander"]
[Result "1/2-1/2"]
[WhiteTitle "IM"]
[BlackTitle "GM"]
[WhiteElo "2411"]
[BlackElo "2458"]
[WhiteICU "2476"]
[BlackICU "2428"]
[BlackClub "Kilkenny"]
[WhiteNationality "IRL"]
[BlackNationality "IRL"]
[WhiteFideId "2501430"]
[BlackFideId "2500914"]
[PlyCount "52"]
[EventDate "2018.08.04"]
[Source "TWIC 1240"]

{ Event information: <a
href="https://www.irlchess.com/irlch2018_allfiles/pairings_irlch2018.html">Tournament
report</a>. }

1. Nf3 Nf6 2. b3 d6 3. d4 Bg4 4. e3 Nbd7 5. h3 Bxf3 6. Qxf3 c6 7. Bb2 g6 8.
Nd2 Bg7 9. g4 Qa5 10. a3 e5 11. O-O-O O-O 12. g5 Nh5 13. h4 exd4 14. Nc4
Qc7 15. Bxd4 d5 16. Bxg7 Kxg7 17. Nb2 f5 18. Be2 f4 19. e4 Ne5 20. Qc3 f3
21. Rxd5 Rae8 22. Bd1 Qe7 23. Rd3 Kg8 24. Re3 Qxa3 25. Kb1 Qe7 26. Nd3 Nf4
1/2-1/2

[Event "Irish Championship 2018"]
[Site "Dublin IRL"]
[Date "2018.08.10"]
[Round "7.2"]
[White "Moran, Stephen"]
[Black "O'Donnell, Conor"]
[Result "1/2-1/2"]
[BlackTitle "FM"]
[WhiteElo "2155"]
[BlackElo "2336"]
[WhiteICU "2095"]
[BlackICU "2312"]
[WhiteClub "T.C.D."]
[BlackClub "Gonzaga"]
[WhiteNationality "IRL"]
[BlackNationality "IRL"]
[WhiteFideId "2501872"]
[BlackFideId "2504243"]
[PlyCount "113"]
[EventDate "2018.08.04"]
[Source "TWIC 1240"]

{ Event information: <a
href="https://www.irlchess.com/irlch2018_allfiles/pairings_irlch2018.html">Tournament
report</a>. }

1. d4 Nf6 2. c4 e6 3. Nc3 Bb4 4. e3 b6 5. Ne2 Ba6 6. a3 Be7 7. Nf4 d5 8.
Qf3 c6 9. cxd5 cxd5 10. Bxa6 Nxa6 11. O-O O-O 12. Rd1 Rc8 13. Qe2 Nb8 14.
e4 dxe4 15. Nxe4 Nc6 16. Nxf6+ Bxf6 17. d5 Nd4 18. Qd3 exd5 19. Rb1 g6 20.
Be3 Nf5 21. Nxd5 Nxe3 22. Nxf6+ Qxf6 23. Qxe3 Rfe8 24. Qd3 Rcd8 25. Qb5 Kg7
26. g3 Re5 27. Qc4 Rc5 28. Qe2 Rdc8 29. Rd2 h5 30. h4 Qf5 31. Rbd1 Re5 32.
Qd3 Qxd3 33. Rxd3 Rc2 34. R1d2 Rxd2 35. Rxd2 a5 36. Kg2 Rb5 37. Kf3 Kf6 38.
Re2 Kf5 39. Kg2 Re5 40. Rc2 Ke4 41. Rd2 Rd5 42. Rc2 Kd3 43. Rc3+ Kd2 44.
Rc7 Rb5 45. b4 axb4 46. axb4 Rxb4 47. Rxf7 b5 48. Rb7 Rb2 49. Rb6 b4 50.
Rxg6 b3 51. Rg5 Ke1 52. Re5+ Re2 53. Rxh5 Rxf2+ 54. Kh3 Rf3 55. Rb5 Kf2 56.
Kg4 Rxg3+ 57. Kf4 1/2-1/2

[Event "Irish Championship 2018"]
[Site "Dublin IRL"]
[Date "2018.08.10"]
[Round "7.3"]
[White "Murphy, Conor E."]
[Black "Collins, Sam"]
[Result "1-0"]
[WhiteTitle "FM"]
[BlackTitle "IM"]
[WhiteElo "2336"]
[BlackElo "2445"]
[BlackICU "2425"]
[WhiteClub "Charlton ENG"]
[BlackClub "Gonzaga"]
[WhiteNationality "IRL"]
[BlackNationality "IRL"]
[WhiteFideId "421669"]
[BlackFideId "2501198"]
[PlyCount "95"]
[EventDate "2018.08.04"]
[Source "TWIC 1240"]

{ Event information: <a
href="https://www.irlchess.com/irlch2018_allfiles/pairings_irlch2018.html">Tournament
report</a>. }

1. e4 e5 2. Nf3 Nc6 3. d4 exd4 4. Nxd4 Nf6 5. Nxc6 bxc6 6. e5 Qe7 7. Qe2
Nd5 8. c4 Ba6 9. Nd2 g6 10. Nf3 Qb4+ 11. Kd1 Nb6 12. b3 Bg7 13. Qd2 Qxd2+
14. Bxd2 c5 15. Kc2 O-O-O 16. Ng5 Rde8 17. Re1 Bb7 18. h4 h6 19. Nxf7 Rhf8
20. Bd3 Re6 21. Nxh6 Bxh6 22. Bxh6 Rxf2+ 23. Kb1 d5 24. Be3 Rxg2 25. Bf1
dxc4 26. Bxg2 Bxg2 27. Rhg1 Bd5 28. Bxc5 cxb3 29. axb3 Bxb3 30. Rg3 Bd5 31.
Bd4 a5 32. Rf1 Nd7 33. Re3 a4 34. Rc1 Kd8 35. Rec3 c6 36. Re3 Ke8 37. Ka1
Kf7 38. Rb1 Bb3 39. Rf1+ Ke8 40. Bb2 Bd5 41. Ba3 Bc4 42. Rf4 Bd5 43. Bd6
Nb6 44. h5 g5 45. Rf6 Rxf6 46. exf6+ Kf7 47. Re7+ Kxf6 48. h6 1-0

[Event "Irish Championship 2018"]
[Site "Dublin IRL"]
[Date "2018.08.10"]
[Round "7.4"]
[White "Murray, David"]
[Black "Daly, Colm"]
[Result "1-0"]
[Termination "time forfeit"]
[BlackTitle "FM"]
[WhiteElo "2149"]
[BlackElo "2329"]
[WhiteICU "2123"]
[BlackICU "2255"]
[WhiteClub "Gonzaga"]
[BlackClub "Bray/Greystones"]
[WhiteNationality "IRL"]
[BlackNationality "IRL"]
[WhiteFideId "2501511"]
[BlackFideId "2500434"]
[PlyCount "79"]
[EventDate "2018.08.04"]
[Source "TWIC 1240"]

{ Event information: <a
href="https://www.irlchess.com/irlch2018_allfiles/pairings_irlch2018.html">Tournament
report</a>. }

1. e4 c5 2. Nf3 d6 3. d4 cxd4 4. Nxd4 Nf6 5. Nc3 Nc6 6. Bc4 e6 7. Bb3 Be7
8. Be3 O-O 9. Qe2 a6 10. O-O-O Qc7 11. g4 Nxd4 12. Rxd4 b5 13. Rg1 Nd7 14.
g5 Nc5 15. e5 g6 16. Rg3 Bb7 17. Rh3 Kg7 18. exd6 Bxd6 19. Rdh4 Nxb3+ 20.
axb3 h5 21. Ne4 Bxe4 22. Rxe4 Rfc8 23. Bd4+ Kg8 24. Kb1 Qc6 25. Rxe6 Re8
26. Rxh5 gxh5 27. Qxh5 $2 (27. Rh6 $1 { wins immediately. }) 27... Qh1+ 28.
Ka2 Qxh2 29. Rg6+ Kf8 30. Qxh2 Bxh2 31. Bc5+ Re7 32. Rh6 Be5 33. f4 Bg7 34.
Rh7 Re8 35. f5 f6 36. g6 Kg8 37. Bxe7 Rxe7 38. Rh3 Re5 39. Rf3 Bf8 40. c3
$17 { (Time) } 1-0

[Event "Irish Championship 2018"]
[Site "Dublin IRL"]
[Date "2018.08.10"]
[Round "7.5"]
[White "O'Gorman, Tom"]
[Black "Jessel, Stephen"]
[Result "0-1"]
[WhiteTitle "FM"]
[BlackTitle "FM"]
[WhiteElo "2258"]
[BlackElo "2346"]
[WhiteICU "2239"]
[BlackICU "2337"]
[WhiteClub "Dun Laoghaire"]
[BlackClub "Gonzaga"]
[WhiteNationality "IRL"]
[BlackNationality "IRL"]
[WhiteFideId "2508249"]
[BlackFideId "628859"]
[PlyCount "40"]
[EventDate "2018.08.04"]
[Source "TWIC 1240"]

{ Event information: <a
href="https://www.irlchess.com/irlch2018_allfiles/pairings_irlch2018.html">Tournament
report</a>. }

1. e4 e6 2. d4 d5 3. Nc3 Nf6 4. e5 Nfd7 5. f4 c5 6. Nf3 Be7 7. Be3 O-O 8.
Qd2 b6 9. O-O-O Nc6 10. g4 c4 11. f5 b5 12. Nxb5 Rb8 13. Nd6 Bxd6 14. exd6
Nf6 15. Ne5 Qb6 16. Qc3 Ne4 17. Qa3 c3 18. Rd3 Nxe5 19. dxe5 cxb2+ 20. Kb1
Qxe3 0-1

[Event "Irish Championship 2018"]
[Site "Dublin IRL"]
[Date "2018.08.10"]
[Round "7.6"]
[White "Carroll, Peter"]
[Black "Wall, Gavin"]
[Result "1/2-1/2"]
[BlackTitle "IM"]
[WhiteElo "1794"]
[BlackElo "2341"]
[WhiteICU "1802"]
[BlackICU "2290"]
[WhiteClub "Gonzaga"]
[BlackClub "Richmond ENG"]
[WhiteNationality "IRL"]
[BlackNationality "IRL"]
[WhiteFideId "2510243"]
[BlackFideId "2501244"]
[PlyCount "128"]
[EventDate "2018.08.04"]
[Source "TWIC 1240"]

{ Event information: <a
href="https://www.irlchess.com/irlch2018_allfiles/pairings_irlch2018.html">Tournament
report</a>. }

1. e4 c6 2. d4 d5 3. e5 Bf5 4. Nc3 h5 5. Bd3 Bxd3 6. Qxd3 e6 7. f4 Nh6 8.
Be3 Qa5 9. Nf3 Nf5 10. Bf2 Nd7 11. O-O h4 12. a3 Be7 13. Nd1 Qb5 14. Qxb5
cxb5 15. Ne3 Rc8 16. Nxf5 exf5 17. c3 Nb6 18. Rfe1 Rc6 19. Re2 Nd7 20. Ne1
Nf8 21. Nc2 Ne6 22. g3 hxg3 23. Bxg3 Nc7 24. Ne3 g6 25. Rc2 Kd7 26. Re1 Ke6
27. Rg2 Na8 28. Nc2 Nb6 29. Nb4 Bxb4 30. axb4 Nd7 31. Ra1 Ra8 32. Ra5 b6
33. Ra6 Nb8 34. Ra3 a5 35. h4 Rc8 36. Rh2 Rh8 37. b3 Nc6 38. Rha2 Rab8 39.
bxa5 bxa5 40. Rc2 b4 41. cxb4 Nxd4 42. Rc5 Rxb4 43. Raxa5 Rxb3 44. Ra6+ Ke7
45. Rc7+ Kf8 46. Raa7 Rh7 47. Bf2 Ne6 48. Re7 Rb1+ 49. Kh2 Rg7 50. Red7 Rb8
51. Rxd5 Nxf4 52. Bc5+ Kg8 53. Rdd7 Ne6 54. Be7 Rh7 55. Kg3 Re8 56. Bf6 Nc5
57. Re7 Ne4+ 58. Kh3 Nxf6 59. exf6 Rf8 60. Kg3 Rh5 61. Ra4 Rb8 62. Raa7 f4+
63. Kg4 Rf8 64. Ra4 Rd5 1/2-1/2

[Event "Irish Championship 2018"]
[Site "Dublin IRL"]
[Date "2018.08.10"]
[Round "7.7"]
[White "Short, Philip"]
[Black "Li, Henry"]
[Result "1/2-1/2"]
[WhiteTitle "FM"]
[WhiteElo "2333"]
[BlackElo "2232"]
[BlackICU "2207"]
[BlackClub "Gonzaga"]
[WhiteNationality "IRL"]
[BlackNationality "IRL"]
[WhiteFideId "2500086"]
[BlackFideId "2508524"]
[PlyCount "92"]
[EventDate "2018.08.04"]
[Source "TWIC 1240"]

{ Event information: <a
href="https://www.irlchess.com/irlch2018_allfiles/pairings_irlch2018.html">Tournament
report</a>. }

1. d4 Nf6 2. Bg5 d5 3. Bxf6 gxf6 4. e3 c5 5. c3 Qb6 6. Qb3 e6 7. Nd2 Nc6 8.
Ngf3 Rg8 9. g3 cxd4 10. Qxb6 axb6 11. Nxd4 Bd7 12. Nb5 Rc8 13. e4 dxe4 14.
Nxe4 Ke7 15. Ned6 Rb8 16. f4 Bh6 17. Rd1 Nd8 18. Bd3 f5 19. O-O Kf6 20. Be2
Bc6 21. Nd4 Bf8 22. Nf3 Bd5 23. c4 Bxd6 24. cxd5 Bxf4 25. Rd3 Bd6 26. Kh1
e5 27. Rb3 Bc5 28. Nh4 f4 29. gxf4 e4 30. Rg3 Rxg3 31. hxg3 Ra8 32. Bc4 b5
33. Bb3 b6 34. Re1 e3 35. Ng2 Nb7 36. Nxe3 h5 37. Nd1 Nd6 38. Nc3 Rg8 39.
Re5 Rxg3 40. Rxh5 b4 41. Ne2 Re3 42. Rh2 Nf5 43. Bc4 Nd6 44. Bb3 Nf5 45.
Bc4 Nd6 46. Bb3 Nf5 1/2-1/2

[Event "Irish Championship 2018"]
[Site "Dublin IRL"]
[Date "2018.08.10"]
[Round "7.8"]
[White "Freeman, Gordon"]
[Black "Brady, Stephen"]
[Result "1-0"]
[BlackTitle "FM"]
[WhiteElo "2205"]
[BlackElo "2336"]
[WhiteICU "2159"]
[BlackICU "2279"]
[WhiteClub "Gonzaga"]
[BlackClub "St. Benildus"]
[WhiteNationality "IRL"]
[BlackNationality "IRL"]
[WhiteFideId "2501309"]
[BlackFideId "2500124"]
[PlyCount "101"]
[EventDate "2018.08.04"]
[Source "TWIC 1240"]

{ Event information: <a
href="https://www.irlchess.com/irlch2018_allfiles/pairings_irlch2018.html">Tournament
report</a>. }

1. Nf3 Nf6 2. g3 e6 3. Bg2 d5 4. O-O Be7 5. c4 O-O 6. d4 c6 7. Nc3 Nbd7 8.
Nd2 b6 9. e4 Ba6 10. e5 Ne8 11. Re1 Rc8 12. cxd5 cxd5 13. Nf3 Nc7 14. h4 b5
15. Bg5 b4 16. Ne2 Bxe2 17. Rxe2 Nb6 18. Rc2 h6 19. Bf4 Qd7 20. Bf1 Nb5 21.
Bd3 a6 22. Rac1 Qb7 23. Rxc8 Rxc8 24. Bc2 Nd7 25. Qd2 Nf8 26. Rd1 Qb6 27.
Bb1 Rc4 28. Kg2 a5 29. Bd3 Nxd4 30. Nxd4 Qxd4 31. Bh7+ Kxh7 32. Qxd4 Rxd4
33. Rxd4 Nd7 34. h5 f6 35. exf6 Bxf6 36. Rd2 Nc5 37. Bc7 a4 38. f3 b3 39.
a3 Nd7 40. f4 Nc5 41. Be5 Bxe5 42. fxe5 g6 43. g4 Kg7 44. Rd4 g5 45. Kf1
Nd7 46. Rxa4 Nxe5 47. Rb4 Nc4 48. a4 Kf6 49. Ke2 e5 50. Rxb3 e4 51. Rb4 1-0

[Event "Irish Championship 2018"]
[Site "Dublin IRL"]
[Date "2018.08.10"]
[Round "7.9"]
[White "Manojlovic, Mihailo"]
[Black "Delaney, Killian"]
[Result "0-1"]
[WhiteElo "1988"]
[BlackElo "2206"]
[WhiteICU "2022"]
[BlackICU "2206"]
[WhiteClub "St. Benildus"]
[BlackClub "Gonzaga"]
[WhiteNationality "IRL"]
[BlackNationality "IRL"]
[WhiteFideId "2507633"]
[BlackFideId "2501570"]
[PlyCount "50"]
[EventDate "2018.08.04"]
[Source "TWIC 1240"]

{ Event information: <a
href="https://www.irlchess.com/irlch2018_allfiles/pairings_irlch2018.html">Tournament
report</a>. }

1. e4 c5 2. c3 d5 3. exd5 Nf6 4. d4 Nxd5 5. Nf3 e6 6. Bd3 cxd4 7. cxd4 Bb4+
8. Bd2 Bxd2+ 9. Qxd2 O-O 10. O-O Nc6 11. a3 b6 12. Nc3 Bb7 13. Rfe1 Rc8 14.
Rad1 Nf6 15. Bb1 Ne7 16. Ne5 Qd6 17. Qg5 Rfd8 18. Re3 h6 19. Qf4 Rxc3 20.
bxc3 Ned5 21. Qh4 Nxe3 22. fxe3 Qd5 23. Qf2 Qxe5 24. Qc2 Qxe3+ 25. Kh1 Be4
0-1

[Event "Irish Championship 2018"]
[Site "Dublin IRL"]
[Date "2018.08.10"]
[Round "7.10"]
[White "Fox, Anthony"]
[Black "Melaugh, Shane"]
[Result "1/2-1/2"]
[WhiteElo "2046"]
[BlackElo "2086"]
[WhiteICU "2024"]
[BlackICU "2111"]
[WhiteClub "Dun Laoghaire"]
[BlackClub "Elm Mount"]
[WhiteNationality "IRL"]
[BlackNationality "IRL"]
[WhiteFideId "2500736"]
[BlackFideId "2509580"]
[PlyCount "77"]
[EventDate "2018.08.04"]
[Source "TWIC 1240"]

{ Event information: <a
href="https://www.irlchess.com/irlch2018_allfiles/pairings_irlch2018.html">Tournament
report</a>. }

1. e4 d6 2. d4 Nf6 3. Nc3 Nbd7 4. Nf3 e5 5. Bc4 Be7 6. a4 c6 7. O-O Qc7 8.
Re1 h6 9. h3 g5 10. dxe5 dxe5 11. Nh2 Nf8 12. Ng4 Ne6 13. Nxf6+ Bxf6 14.
Bxe6 Bxe6 15. Qf3 Qe7 16. Be3 h5 17. Bc5 Qxc5 18. Qxf6 Kd7 19. Red1+ Kc7
20. Rd3 a5 21. Nd5+ Bxd5 22. Qxe5+ Kb6 23. exd5 Rae8 24. Qd4 Qxd4 25. Rxd4
Kc5 26. Rad1 Rd8 27. d6 Rd7 28. c3 Re8 29. Kf1 Re5 30. g3 f6 31. R1d2 b5
32. b4+ Kb6 33. bxa5+ Kxa5 34. axb5 Kxb5 35. Re2 Kc5 36. f4 Rd5 37. Rxd5+
Kxd5 38. fxg5 fxg5 39. Rf2 1/2-1/2